000 00731nam0a22002411 4500
001 RU\NLR\A1SV\59043
005 20251203171251.9
035 _a(NLR Aleph) 009740999
090 _a9943740
_c9943740
100 _a20080827d1925 u y0rusy50 ca
101 0 _arus
102 _aRU
200 1 _aНе рискуйте кооперативным достоянием
_eГде и как страховать кооп. имущество
_fВсерос. кооп. страх. союз
210 _aМ.
_cКооп. изд-во
_d[1925]
215 _a16 с.
_d18 см
620 _dМосква
801 0 _aRU
_bNLR
_c20080827
852 _aNLR
_j39/3308
899 _aРГБ
942 _cBOOK
980 _aNB
980 _aA1SV